000 01054nab a2200277 i 4500
001 193716
003 ES-MaACL
005 20250809093925.0
007 t|
008 240207q2000 sp ||||1| spa d
040 _aES-MaACL
_bspa
_cES-MaACL
100 1 _aRodrigo, Pilar
_eaut
_9235088
245 1 3 _aEl Ateneo de Madrid, viaje a través del tiempo /
_ctexto, Pilar Rodrigo ; fotos, Javier C. Roldán
260 _a[Madrid] :
_bSesenta y Más,
_c[ca. 2000]
300 _a5 páginas :
_bilustraciones (color) ;
_c30 cm
336 _2rdacontent
_atexto
337 _2rdamedia
_asin mediación
338 _2rdacarrier
_avolumen
500 _aArtículo de Pilar Rodrigo sobre el Ateneo de Madrid, publicado en la revista "Sesenta y más", siendo Carlos París presidente del Ateneo
600 1 7 _aParís, Carlos,
_d1925-2014
_2embne
_989133
610 2 4 _aAteneo de Madrid-
_vHistoria
_91925
700 1 _aRoldán, Javier C.
_epht
_9235163
852 4 _aES-MaACL
_cDEPOF
_j2347-F-62
_9201250
942 _2udc
_cANAB
_n0
999 _c193716
_d193716